Biblioteca

El día de reposo : (Registro nro. 70102)

Detalles MARC
000 -LÍDER
Campo fijo de descripción fija 01437nab a2200217 i 4500
001 - NÚMERO DE CONTROL
Campo de control 768714001
003 - IDENTIFICADOR DEL NÚMERO DE CONTROL
Campo de control CO-MdFUSB
005 - FECHA Y HORA DE LA ULTIMA TRANSACCIÓN
control field 20240607125533.0
008 - ELEMENTOS DE LONGITUD FIJA -- INFORMACIÓN GENERAL
Campo fijo de descripción fija -- Información general 240607t1980 ag ||||| |||| 00| 0 spa d
040 ## - FUENTE DE CATALOGACIÓN
Idioma de catalogación spa
Agencia que realiza la transcripción CO-MdFUSB
Agencia que realiza la modificación CO-MdFUSB
041 ## - CÓDIGO DE IDIOMA
Código de idioma para texto/pista de sonido o título separado spa
100 ## - ASIENTO PRINCIPAL--NOMBRE PERSONAL
Nombre personal Breneman, Mervin,
Término relacionador autor
245 #3 - TÍTULO
Título El día de reposo :
Subtitulo la santificación del tiempo
Mención de responsabilidad / Mervin Breneman
520 ## - NOTA DE RESUMEN, ETC.
Nota de sumario, etc. ¿De dónde viene la costumbre de tomar un 'fin de semana' para descansar? El cuarto mandamiento ('Acuérdate del día de reposo para santificarlo'), ¿será para nosotros? La costumbre de tomar libre un día de cada siete, ya casi universal en todo el mundo, viene de la influencia judío-cristiana, de la influencia de la Biblia. De lo que sabemos de la historia antigua, la semana de siete días con uno de reposo no se conocía antes de su uso en Israel.<br/>Los estudiosos del Antiguo Cercano Oriente han buscado el origen del día de reposo en otros pueblos. En Mesopotamia los sacerdotes dividían el mes lunar en dos partes separadas por el día 15 (shapattu), el día de la luna nueva. <br/>
650 #0 - ASIENTO SECUNDARIO DE MATERIA - TERMINO TEMÁTICO
Término temático o nombre geográfico como elemento de entrada Santidad
9 (RLIN) 393
650 #7 - ASIENTO SECUNDARIO DE MATERIA - TERMINO TEMÁTICO
Término temático o nombre geográfico como elemento de entrada Antropología bíblica
9 (RLIN) 6715
650 #7 - ASIENTO SECUNDARIO DE MATERIA - TERMINO TEMÁTICO
Término temático o nombre geográfico como elemento de entrada Hermenéutica bíblica
9 (RLIN) 7333
773 0# - ASIENTO DE ITEM FUENTE
Biblionumber 69974
Itemnumber 82719
Lugar, editorial y fecha de publicación Buenos Aires
Otro identificador del ítem R2611
Título Certeza
Número de control del registro (CO-MdFUSB)768714001
Parte(s) relacionada(s) / Volumen., número. (mes año), páginas Número 78, (julio - septiembre, 1980) páginas: 184 - 188
Enumeración y primera página página: 184
942 ## - TIPO DE MATERIAL (KOHA)
Tipo de Item KOHA Artículos de Revista
945 ## - INFORMACIÓN LOCAL DEL REGISTRO
Catalogador Catherine Arias Álvarez - Practicante SENA

No hay ítems disponibles.

Biblioteca FUSBC | Teléfono: (57+4) 349 88 10 Ext. 141| WhatsApp (+57) 3005338115 
E-mail: biblioteca@unisbc.edu.co | Calle 76 87-14 Robledo Palenque, Medellín, Colombia

Con tecnología Koha